| 000 | 00462nam a22001457a 4500 | ||
|---|---|---|---|
| 999 |
_c80356 _d80356 |
||
| 008 | 201208b ||||| |||| 00| 0 eng d | ||
| 041 | _ager | ||
| 100 | _aSchweizer, Roland : | ||
| 245 |
_aHeilbronner Land : _bLandschaft, Menschen und Kultur im Stadt- und Landkreis Heilbronn/ _cRoland Schweizer; Hans Georg Frank |
||
| 260 |
_aKünzelsau: _bMira, _c[2006] |
||
| 300 |
_a239 Seiten _büberw. Ill. |
||
| 500 | _aBildband | ||
| 942 |
_2z _cB |
||